Kerala cookery, (Record no. 81085)
[ view plain ]
| 000 -LEADER | |
|---|---|
| fixed length control field | 00534cam a22002051 4500 |
| 001 - CONTROL NUMBER | |
| control field | sa 68006034 |
| 003 - CONTROL NUMBER IDENTIFIER | |
| control field | DLC |
| 005 - DATE AND TIME OF LATEST TRANSACTION | |
| control field | 20260227112513.0 |
| 008 - FIXED-LENGTH DATA ELEMENTS--GENERAL INFORMATION | |
| fixed length control field | 710915s1964 ii 000 0 eng |
| 010 ## - LIBRARY OF CONGRESS CONTROL NUMBER | |
| LC control number | sa 68006034 |
| 025 ## - OVERSEAS ACQUISITION NUMBER | |
| Overseas acquisition number | PL480:I-E-3627 |
| 040 ## - CATALOGING SOURCE | |
| Original cataloging agency | DLC |
| Transcribing agency | DLC |
| Modifying agency | DLC |
| 043 ## - GEOGRAPHIC AREA CODE | |
| Geographic area code | a-ii--- |
| 050 00 - LIBRARY OF CONGRESS CALL NUMBER | |
| Classification number | TX724.5.I4 |
| Item number | M355 |
| 100 1# - MAIN ENTRY--PERSONAL NAME | |
| Personal name | Mathew, K. M, |
| Titles and words associated with a name | Mrs. |
| 245 10 - TITLE STATEMENT | |
| Title | Kerala cookery, |
| Statement of responsibility, etc. | by Mrs. K. M. Mathew. |
| 260 ## - PUBLICATION, DISTRIBUTION, ETC. | |
| Place of publication, distribution, etc. | Kottayam, |
| Name of publisher, distributor, etc. | Manorama Pub. House |
| Date of publication, distribution, etc. | [1964] |
| 300 ## - PHYSICAL DESCRIPTION | |
| Extent | 166 p. |
| Dimensions | 19 cm. |
| 650 #0 - SUBJECT ADDED ENTRY--TOPICAL TERM | |
| Topical term or geographic name entry element | Cooking, Indic. |
No items available.